Statistics for Car Brand Logos #5

Click here to take the quiz!

General Stats

  • This quiz has been taken 759 times
  • The average score is 5 of 12

Answer Stats

Answer% Correct
Suzuki
91%
SEAT
81%
MG
62%
Citroen
57%
Koenigsegg
50%
Cupra
45%
Pontiac
44%
Polestar
37%
Daihatsu
25%
Ssangyong
20%
Chery
10%
LDV
6%

Score Distribution

Percentile by Number Answered

Percent of People with Each Score

Your Score History

You have not taken this quiz